000 00696nam a22002057a 4500
003 OSt
005 20251204075342.0
008 251204b |||||||| |||| 00| 0 eng d
020 _a978-971-94003-0-1.
040 _aDWCL-Main lib
_cOC
082 _aFil. 363.34 L845p 2007
100 _aLomerio-Ondiz, Rowena
245 _aPublic education on disaster risk reduction :
_btyphoons, floods, landslides, climate change
_cLomerio-Ondiz, Rowena
260 _aQuezon City :
_bAMAR Graphic Center,
_cc2007.
300 _avii, 83 pages :
_bchiefly illustration ;
_c21 cm.
650 _21. Disaster relief.
650 _22. Disasters.
700 _aRedito, Benigno M.
942 _2ddc
_cBK - FIL
_kFil.
_n0
999 _c6869
_d6869